000 00595nam a2200217 i 4500
001 C2-0080437
003 PPAK
005 20180727084058.0
008 970429s1984 xxka|||| ||||| | eng d
040 _aPPAK
_beng
_cPPAK
_erda
082 0 4 _a598.71
_223
090 0 0 _a598.71
_bLOW
_dR
100 1 _aLow, Rosemary,
_eauthor
245 1 0 _aEndangered parrots
264 1 _aPoole, United Kingdom :
_bBlandford Press ,
_c1984
300 _a160 pages :
_billustrations ;
_c25 cm
336 _2rdacontent
_atext
337 _2rdamedia
_aunmediated
338 _2rdacarrier
_avolume
942 _ddc
_cB
999 _c14188
_d14188